Central Library OPAC University of Rajshahi

পাদরী রেভারেণ্ড জন জমীরউদ্দীনের ইসলাম গহণ : (Record no. 47416)

MARC details
000 -LEADER
fixed length control field 01080nam a2200229 a 4500
001 - CONTROL NUMBER
control field 47416
003 - CONTROL NUMBER IDENTIFIER
rucl marc code BD-RjUL
005 - DATE AND TIME OF LATEST TRANSACTION
control field 20211209054317.0
008 - FIXED-LENGTH DATA ELEMENTS--GENERAL INFORMATION
fixed length control field 160808s1967 bg ||||| |||| 00| 0 eng d
020 ## - INTERNATIONAL STANDARD BOOK NUMBER
Terms of availability : Tk. 0.75
035 ## - SYSTEM CONTROL NUMBER
System control number (BD-RjUL)
040 ## - CATALOGING SOURCE
Original cataloging agency BD-RjUL
Language of cataloging ben
Transcribing agency BD-RjUL
041 ## - LANGUAGE CODE
Language code of text/sound track or separate title ben
082 ## - DEWEY DECIMAL CLASSIFICATION NUMBER
Edition number 23
Classification number 297.61092
Author mark and year ABP 1967
100 1# - MAIN ENTRY--PERSONAL NAME
Personal name আবুতালেব, মুহম্মদ
9 (RLIN) 144213
245 10 - TITLE STATEMENT
Title পাদরী রেভারেণ্ড জন জমীরউদ্দীনের ইসলাম গহণ :
Remainder of title শেখ জমীরউদ্দীনের আত্ন-জীবনী /
Statement of responsibility, etc. মুহম্মদ আবুতালেব.
260 ## - PUBLICATION, DISTRIBUTION, ETC. (IMPRINT)
Place of publication, distribution, etc. রাজশাহী :
Name of publisher, distributor, etc. ইসলামী মসলিস ;
Date of publication, distribution, etc. ১৯৬৭ .
300 ## - PHYSICAL DESCRIPTION
Pagination ২২পৃ ;
Size ২০ সেমি .
600 ## - SUBJECT ADDED ENTRY--PERSONAL NAME
Personal name পাদরী রেভারেণ্ড জন জমীরউদ্দীনের ইসলাম গহণ
General subdivision জীবনী
Personal name Clergyman the Reverend John jamirauddinera Islam gahana
General subdivision Bibliography
942 ## - ADDED ENTRY ELEMENTS (KOHA)
Source of classification or shelving scheme Dewey Decimal Classification
Koha item type Books
Holdings
Lost status Source of classification or shelving scheme Damaged status Not for loan Collection code Permanent Location Current Location Shelving location Date acquired Cost, normal purchase price Total Checkouts Full call number Date last seen Copy number Koha item type
  Dewey Decimal Classification     Non-fiction Central Library, University of Rajshahi Central Library, University of Rajshahi   14/04/1969 0.75   B 297.61092 ABP 1967 08/08/2016 C-2 Books